Normal view
MARC view
- El - Said Mamdouh
Entry Personal Name
001 - CONTROL NUMBER
- control field: 26627
003 - CONTROL NUMBER IDENTIFIER
- control field: NUST
005 - DATE AND TIME OF LATEST TRANSACTION
- control field: 20191209132836.0
008 - FIXED-LENGTH DATA ELEMENTS
- fixed length control field: 191209|| aca||aabn | a|a d
040 ## - CATALOGING SOURCE
- Original cataloging agency: NUST
- Transcribing agency: NUST
100 ## - HEADING--PERSONAL NAME
- Personal name: El - Said Mamdouh
670 ## - SOURCE DATA FOUND
- Source citation: Work cat.: (NUST): El - Said Mamdouh, Design Guidelines for Subsurface........\, c2015
